<?xml version="1.0" encoding="UTF-8"?><?xml-stylesheet type="text/xsl" href="static/style.xsl"?><OAI-PMH xmlns="http://www.openarchives.org/OAI/2.0/" xmlns:xsi="http://www.w3.org/2001/XMLSchema-instance" xsi:schemaLocation="http://www.openarchives.org/OAI/2.0/ http://www.openarchives.org/OAI/2.0/OAI-PMH.xsd"><responseDate>2026-06-02T21:42:35Z</responseDate><request verb="GetRecord" identifier="oai:riuma.uma.es:10630/7440" metadataPrefix="marc">https://riuma.uma.es/rest/oai/request</request><GetRecord><record><header><identifier>oai:riuma.uma.es:10630/7440</identifier><datestamp>2026-02-03T12:24:02Z</datestamp><setSpec>com_10630_2254</setSpec><setSpec>col_10630_37959</setSpec></header><metadata><record xmlns="http://www.loc.gov/MARC21/slim" xmlns:dcterms="http://purl.org/dc/terms/" xmlns:doc="http://www.lyncode.com/xoai" xmlns:xsi="http://www.w3.org/2001/XMLSchema-instance" xsi:schemaLocation="http://www.loc.gov/MARC21/slim http://www.loc.gov/standards/marcxml/schema/MARC21slim.xsd">
   <leader>00925njm 22002777a 4500</leader>
   <datafield ind2=" " ind1=" " tag="042">
      <subfield code="a">dc</subfield>
   </datafield>
   <datafield ind2=" " ind1=" " tag="720">
      <subfield code="a">Muñoz de Bustillo LLorente, Rafael</subfield>
      <subfield code="e">author</subfield>
   </datafield>
   <datafield ind2=" " ind1=" " tag="260">
      <subfield code="c">2014-04-28</subfield>
   </datafield>
   <datafield ind2=" " ind1=" " tag="520">
      <subfield code="a">El 28 de marzo de 2014 el Catedrático de Economía Aplicada de la Universidad de Salamanca, Dr. Rafael Muñoz de Bustillo, impartió una conferencia en el Aula Magna de la Facultad de Ciencias Económicas y Empresariales de la Universidad de Málaga bajo el título “LA INMIGRACIÓN, MERCADO DE TRABAJO Y ESTADO DE BIENESTAR EN ESPAÑA”. Durante la misma, el conferenciante abordó las principales características del fenómeno migratorio en España a lo largo de las últimas décadas, centrándose particularmente en cuestiones relacionadas con el mercado de trabajo (importancia, tipos de empleos, salarios…), protección social (prestaciones monetarias, sanidad,…), así como las conexiones existentes entre inmigración y pobreza en nuestro país.</subfield>
   </datafield>
   <datafield ind1="8" ind2=" " tag="024">
      <subfield code="a">http://hdl.handle.net/10630/7440</subfield>
   </datafield>
   <datafield tag="653" ind2=" " ind1=" ">
      <subfield code="a">Estado del bienestar</subfield>
   </datafield>
   <datafield tag="653" ind2=" " ind1=" ">
      <subfield code="a">España - Inmigración</subfield>
   </datafield>
   <datafield ind2="0" ind1="0" tag="245">
      <subfield code="a">La inmigración, mercado de trabajo y estado de bienestar en España</subfield>
   </datafield>
</record>
</metadata></record></GetRecord></OAI-PMH>